书目信息 |
| 题名: |
工程概论
|
|
| 作者: | 李欣午 主编 | |
| 分册: | ||
| 出版信息: | 北京 首都经济贸易大学出版社 2013 |
|
| 页数: | 276页 | |
| 开本: | 24cm | |
| 丛书名: | ||
| 单 册: | ||
| 中图分类: | F402 | |
| 科图分类: | ||
| 主题词: | 工业工程--概论 , 工业工程 | |
| 电子资源: | ||
| ISBN: | 978-7-5638-2078-8 | |
| 000 | 00841nam0 2200241 450 | |
| 001 | 012015000465 | |
| 005 | 20150914150728.25 | |
| 010 | @a978-7-5638-2078-8@dCNY29.00 | |
| 100 | @a20140429d2013 em y0chiy50 ea | |
| 101 | 0 | @achi |
| 102 | @aCN@b110000 | |
| 105 | @ay z 000yy | |
| 106 | @ar | |
| 200 | 1 | @a工程概论@Agong cheng gai lun@f李欣午主编 |
| 210 | @a北京@c首都经济贸易大学出版社@d2013 | |
| 215 | @a276页@d24cm | |
| 330 | @a本书共分六章:第一章介绍工程和工程管理的基础概念;第二章介绍标准化和标准化工程;第三章介绍工业工程基本原理;第四章介绍可靠性工程的原理和常用技术;第五章介绍质量工程基础和相关方法;第六章介绍国际工程管理的基础知识。 | |
| 606 | 0 | @a工业工程@x概论 |
| 606 | 0 | @a工业工程 |
| 690 | @aF402@v5 | |
| 701 | 0 | @a李欣午@Ali xin wu@c(女)@4主编 |
| 801 | 0 | @aCN@b碧洲教育@c20150716 |
| 905 | @a10447@f4@dF402@e222 | |
| 工程概论/李欣午主编.-北京:首都经济贸易大学出版社,2013 |
| 276页;24cm |
| ISBN 978-7-5638-2078-8:CNY29.00 |
| 本书共分六章:第一章介绍工程和工程管理的基础概念;第二章介绍标准化和标准化工程;第三章介绍工业工程基本原理;第四章介绍可靠性工程的原理和常用技术;第五章介绍质量工程基础和相关方法;第六章介绍国际工程管理的基础知识。 |
| ● |
| 相关链接 |
|
|
|
|
正题名:工程概论
索取号:F402/222
 
预约/预借
| 序号 | 登录号 | 条形码 | 馆藏地/架位号 | 状态 | 备注 |
| 1 | 0849258 | 208492585 | 第一样本阅览室/ [索取号:F402/222] | 在馆 | |
| 2 | 0849259 | 208492594 | 第一借阅区/ [索取号:F402/222] | 在馆 | |
| 3 | 0849260 | 208492601 | 第一借阅区/ [索取号:F402/222] | 在馆 | |
| 4 | 0849261 | 208492610 | 第一借阅区/ [索取号:F402/222] | 在馆 |